Drake Rapper Quiz - Statistics

General Stats
  • This quiz has been taken 58 times
    51 since last reset
  • The average score is 8 of 15
Answer Stats
Hint Answer % Correct
City he's from Toronto
95%
Most recent album as of 2026 Iceman
88%
Most popular album Take Care
85%
Most popular song One Dance
83%
Amount of Grammys won 5
80%
What he's also known as Drizzy
78%
His first album Thank Me Later
68%
His old label Young Money
48%
His label he made in 2008 October's Very Own
45%
Show he used to be in Degrassi
38%
His current label OVO Sound
35%
His first mixtape Room For Improvement
35%
"You only live once, that's ____" The Motto
35%
His mom's name Sandi Graham
25%
City he often mentions in his songs Toronto (The 6ix)
5%
No matching quizzes found
Score Distribution
Percent of People with Each Score
Percentile by Number Answered
Your Score History
You have not taken this quiz since the last reset